01677nam a2200337 i 4500001001000000003000900010005001700019007000300036008004100039040003000080041000800110082002400118100006400142245007000206264004900276300002800325336002700353337003300380338002800413504003900441505007600480563005100556590002600607651008300633910003800716942001400754952014000768952016000908952025401068999001701322000027327DO-SdBNP20260521143250.0ta110331s1988 dr 000 0 spa d aDO-SdBNPbspacBNPHUerda hspa 4a972.9303bB253r2221 aBarinas Coiscou, Sócrates,d1916-2021eautor4aut.92437910aRebeliones negras de la española /cSócrates Barinas Coiscou. 1aSanto Domingo :bImpresos de Calidad,c1988. a364 páginas :b22 cm. atextobtxt2rdacontent asin mediaciónbn2rdamedia avolumenbnc2rdacarrier aBibliografía : páginas 261-2640 av.1--tRebeliones negras de la española --gv. 2--tLa isla dividida. aEl volumen 1 y volumen 2 encuadernados juntos. aInventariado, 2020/VM 4aRepúblia DominicanaxHistoriayGobierno colonia española, 1511-1795954407 aValidado. Control de calidad EMS. 2ddccLBS1 00102ddc71aBNPHUbBNPHUcHDd2011-03-31l0oBNPHU PD 972.9303 B253rp27327-10r2020-06-25w2020-06-25yLBS1zDedicado.ZNo se presta 00102ddc51708PDaBNPHUbBNPHUcHDd2011-04-01eDepósito Legall0oBNPHU PD 972.9303 B253rp27327-20r2020-06-25te. 2w2020-06-25yLBS1ZNo se presta 00102ddc56708DSaBNPHUbBNPHUcHDd2025-01-23eDonado por la Presidencia de la República Dominicana 2023.l0oBNPHU DS 972.9303 B253rp2025-0399r2025-01-23te.3w2025-01-23yLBS1zPertenecio a la biblioteca personal de Emilio Cordero Michel. c26819d26819